Monster (Nicki Minaj verse) full lyric - Statistics

General Stats
  • This quiz has been taken 583 times
  • The average score is 143 of 261
Answer Stats
Lyric % Correct
a
99%
I
99%
monster
98%
Monster
98%
monster!
98%
U
97%
C
95%
F
95%
in
94%
the
93%
up
93%
Pull
92%
that
92%
With
92%
with
92%
bad
91%
from
90%
You
90%
you
90%
automobile
89%
came
89%
K
89%
I'm
88%
Sri Lanka
86%
Then
85%
what
84%
gangsta
83%
Ye
82%
first
80%
and
79%
And
79%
but
79%
But
79%
Queen
78%
do
77%
I'll
76%
Willy Wonka
76%
conquer
75%
king
75%
of
74%
watch
74%
things
73%
Yeah
73%
your
73%
'Cause
72%
'cause
72%
that's
72%
That's
72%
color
71%
teeth
68%
money
67%
brains
66%
Tonka
66%
fangs
64%
gold
64%
no
64%
fake
63%
start
63%
all
62%
could
62%
Milan
62%
my
62%
rockin'
62%
Hairdresser
59%
face
58%
get
58%
ain't
57%
funny
57%
ten
57%
Ah
56%
for
56%
me
56%
bank
55%
shoe
55%
this
55%
heel
53%
So
53%
so
53%
rookie?
52%
is
51%
let
51%
pay?
50%
straight
50%
crew
49%
notice
49%
times
49%
Young
49%
if
48%
wait
48%
Barbie
47%
it
47%
Okay
47%
features
46%
album
45%
out
45%
verse
43%
FIfty
41%
shows
40%
Giuseppe
39%
climb
38%
I'ma
38%
tall
37%
than
37%
gotta
36%
Nicki
36%
Middle
34%
climate
33%
Hotter
33%
on
33%
Eastern
32%
She
32%
Barbies
30%
eat your
30%
whin
30%
be the
27%
Forget
26%
give
26%
don't
25%
money's
23%
she's
22%
one
19%
really
19%
sign
19%
them
19%
track
19%
minded
18%
cheesecake
16%
diet
16%
at
15%
dutty
15%
eatin
14%
Just
14%
just
14%
titties
14%
wine
14%
pockets
13%
these
13%
think
13%
'em
12%
Now
12%
Pink
12%
say
12%
whip
12%
ass
11%
big
11%
it's
11%
lash
11%
can't
10%
cash
10%
Chucky
10%
they
10%
thick
10%
wig
10%
Tony Matterhorn
9%
violent
9%
another
8%
Besides
8%
besides
8%
career
8%
killed
8%
look
8%
roaster
8%
day
7%
fast
7%
how
7%
make
7%
mild
7%
play
7%
stand
7%
blink
6%
bride
6%
Friday
6%
should
6%
niggas
5%
saw
5%
menage
4%
Amb'
1%
child'd
0%
you live
0%
No matching quizzes found
Score Distribution
Percent of People with Each Score
Percentile by Number Answered
Your Score History
You have not taken this quiz